000 00412nam a2200145Ia 4500
003 LDD
040 _cLDD
082 _a327.540469 G322I
100 _aGersdorff,Ralph James
245 0 _aIndia,the United States and Portugal
_bcan they become closer allies especially In
_cRalph James Gersdorff
260 _aWashington,D.C.
_bOpportunities
_c1998
300 _avii,67
901 _a516
_b09-10-1996
942 _2ddc
_cG
999 _c8240
_d8240